|
|
|
|
| LEADER |
00000naa2a2200000 4500 |
| 001 |
625932 |
| 005 |
20231101133403.0 |
| 035 |
|
|
|a (RuTPU)RU\TPU\conf\25209
|
| 035 |
|
|
|a RU\TPU\conf\25208
|
| 090 |
|
|
|a 625932
|
| 100 |
|
|
|a 20180111d2017 k y0rusy50 ba
|
| 101 |
0 |
|
|a eng
|
| 102 |
|
|
|a RU
|
| 105 |
|
|
|a y z 101zy
|
| 135 |
|
|
|a drgn ---uucaa
|
| 181 |
|
0 |
|a i
|
| 182 |
|
0 |
|a b
|
| 200 |
1 |
|
|a Nucleation modelling for synthesis of the new advanced materials
|f M. P. Anisimov
|
| 203 |
|
|
|a Текст
|c электронный
|
| 230 |
|
|
|a 1 компьютерный файл (pdf; 116 Kb)
|
| 300 |
|
|
|a Заглавие с титульного экрана
|
| 320 |
|
|
|a [Библиогр.: с. 10 (15 назв.)]
|
| 463 |
|
1 |
|0 (RuTPU)RU\TPU\conf\25207
|t Междисциплинарные проблемы аддитивных технологий
|o сборник тезисов III Всероссийского научного семинара с международным участием, 4-6 декабря 2017, Томск
|f Национальный исследовательский Томский политехнический университет (ТПУ) ; под ред. А. Г. Князевой
|v [С. 9-10]
|d 2017
|
| 610 |
1 |
|
|a электронные ресурсы
|
| 610 |
1 |
|
|a нуклеация
|
| 610 |
1 |
|
|a синтез
|
| 610 |
1 |
|
|a преобразование
|
| 610 |
1 |
|
|a эмбрионы
|
| 610 |
1 |
|
|a диффузионные системы
|
| 700 |
|
1 |
|a Anisimov
|b M. P.
|
| 801 |
|
2 |
|a RU
|b 63413507
|c 20180115
|g RCR
|
| 856 |
4 |
|
|u http://earchive.tpu.ru/handle/11683/45845
|
| 942 |
|
|
|c BK
|